000 00935pam a2200277 a 4500
001 987377
003 NUST - PNEC
005 20170116181055.0
008 860129s1987 nyua b 001 0 eng
010 _a 86000395
020 _a0030061199
040 _aDLC
_cLIBRARY
_dDLC
050 0 0 _aTJ211
_b.W64 1987
082 0 0 _a629.8/92
_219
100 1 _aWolovich, William A.,
_d1937-
245 1 0 _aRobotics :
_bbasic analysis and design /
_cWilliam A. Wolovich.
260 _aNew York :
_bHolt, Rinehart and Winston,
_cc1987.
300 _axv, 393 p. :
_bill. ;
_c25 cm.
440 0 _aHRW series in electrical and computer engineering
500 _aIncludes index.
504 _aBibliography: p. 353-354.
650 _aMechanical engineering
_912010
_xME
856 4 1 _3Table of contents only
_uhttp://www.loc.gov/catdir/enhancements/fy0640/86000395-t.html
906 _a7
_bcbc
_corignew
_d1
_eocip
_f19
_gy-gencatlg
942 _2ddc
_cBK
999 _c68503
_d68503